[Event "Medellin de La Raza op"]
[Site "Medellin"]
[Date "2023.10.13"]
[Round "3"]
[White "Labrador Avendano, Angie Jhoana"]
[Black "Castano Herrera, Saray"]
[Result "1/2-1/2"]
[WhiteElo "1626"]
[BlackElo "1868"]
[PlyCount "87"]
[EventDate "2023.10.12"]
[EventType "swiss"]
[EventRounds "10"]
[EventCountry "COL"]
[SourceTitle "Mega2024 Update 01"]
[Source "Chessbase"]
[SourceDate "2023.11.12"]
[SourceVersion "1"]
[SourceVersionDate "2023.11.12"]
[SourceQuality "1"]

1. d4 Nf6 2. Bg5 g6 3. Bxf6 exf6 4. c4 Bg7 5. Nc3 f5 6. g3 0-0 7. Bg2 d6 8. Rc1 c6 9. Nf3 Nd7 10. 0-0 Re8 11. b4 Nf6 12. d5 Ne4 13. Nxe4 fxe4 14. Nd4 cxd5 15. cxd5 Bd7 16. e3 Qb6 17. Rc4 f5 18. Qb3 Bxd4 19. Rxd4 Rac8 20. Qb2 Qa6 21. Rd2 Kf7 22. h4 Qc4 23. Rd4 Qc3 24. Rb1 Qxb2 25. Rxb2 Rc1+ 26. Kh2 Bb5 27. g4 Rc3 28. Kg3 Kf6 29. g5+ Ke5 30. f4+ exf3 31. Kxf3 Rec8 32. Rbd2 R8c4 33. Kf2 Rxd4 34. Rxd4 Rc2+ 35. Kf3 Rxa2 36. h5 Ra3 37. Kf2 Ra2+ 38. Kg3 Be2 39. hxg6 hxg6 40. Rh4 Bh5 41. Rc4 Ra3 42. Kf2 Ra2+ 43. Kg3 Ra3 44. Kf2 1/2-1/2

[Event "Rivera Huila Hernandez Memorial-B"]
[Site "Rivera Huila"]
[Date "2023.07.21"]
[Round "3"]
[White "Villamil Alarcon, Hector Orlando"]
[Black "Labrador Avendano, Angie Jhoana"]
[Result "1-0"]
[WhiteElo "2071"]
[BlackElo "1612"]
[PlyCount "73"]
[EventDate "2023.07.20"]
[EventType "swiss"]
[EventRounds "7"]
[EventCountry "COL"]
[SourceTitle "CBM 215 Extra"]
[Source "ChessBase"]
[SourceDate "2023.09.30"]
[SourceVersion "1"]
[SourceVersionDate "2023.09.30"]
[SourceQuality "1"]

1. e4 d6 2. d4 Nf6 3. Nc3 g6 4. f4 Bg7 5. Nf3 c6 6. Bd3 Bg4 7. h3 Bxf3 8. Qxf3 e5 9. dxe5 dxe5 10. fxe5 Nfd7 11. e6 Ne5 12. exf7+ Nxf7 13. 0-0 Ne5 14. Qe2 Nbd7 15. Be3 Qe7 16. Rad1 Qb4 17. Bc1 0-0-0 18. a3 Qb6+ 19. Kh2 Qc7 20. Bf4 g5 21. Bg3 h5 22. Kh1 h4 23. Bh2 g4 24. hxg4 h3 25. g3 Nf6 26. Rf4 Ng6 27. Rdf1 Nxf4 28. gxf4 Qb6 29. e5 Ne8 30. Na4 Qd4 31. Nc3 Qb6 32. Rd1 Qxb2 33. Bf5+ Kc7 34. Rxd8 Kxd8 35. Qd3+ Kc7 36. Qd7+ Kb6 37. Na4+ 1-0

[Event "COL-ch Amateur U1700"]
[Site "Paipa"]
[Date "2020.02.27"]
[Round "3"]
[White "Labrador Avendano, Angie Jhoana"]
[Black "Naranjo Torres, Miguel Andres"]
[Result "0-1"]
[WhiteElo "1638"]
[BlackElo "1684"]
[PlyCount "56"]
[EventDate "2020.02.26"]
[EventType "swiss"]
[EventRounds "9"]
[EventCountry "COL"]
[SourceTitle "EXT 2021"]
[Source "ChessBase"]
[SourceDate "2020.10.23"]
[SourceVersion "1"]
[SourceVersionDate "2020.10.23"]
[SourceQuality "1"]

1. d4 Nf6 2. Bf4 d5 3. Nf3 c5 4. e3 Nc6 5. c3 Qb6 6. b3 Bg4 7. Be2 e6 8. 0-0 Be7 9. h3 Bh5 10. Nbd2 cxd4 11. cxd4 0-0 12. g4 Bg6 13. Nh4 Rac8 14. Nxg6 hxg6 15. g5 Ne8 16. a3 Nd6 17. Bxd6 Bxd6 18. b4 f6 19. h4 Kf7 20. Nb3 Rh8 21. gxf6 Qd8 22. h5 Qxf6 23. hxg6+ Qxg6+ 24. Bg4 Rh4 25. f3 Rch8 26. Qb1 Rh1+ 27. Kf2 R8h2+ 28. Ke1 Bg3+ 0-1

[Event "Montevideo Duchamp Cup 4th"]
[Site "Montevideo"]
[Date "2020.02.11"]
[Round "5"]
[White "Labrador Avendano, Angie Jhoana"]
[Black "Baratta, Daniel"]
[Result "1/2-1/2"]
[WhiteElo "1638"]
[BlackElo "1201"]
[PlyCount "50"]
[EventDate "2020.02.08"]
[EventType "swiss"]
[EventRounds "9"]
[EventCountry "URU"]
[SourceTitle "CBM 194 Extra"]
[Source "ChessBase"]
[SourceDate "2020.03.31"]
[SourceVersion "1"]
[SourceVersionDate "2020.03.31"]
[SourceQuality "1"]

1. d4 Nf6 2. Bf4 g6 3. Nf3 Bg7 4. e3 0-0 5. Nbd2 d6 6. h3 Nbd7 7. Be2 b6 8. 0-0 Bb7 9. c4 Re8 10. Rb1 e5 11. dxe5 dxe5 12. Bh2 e4 13. Nd4 Nc5 14. Nb5 Re7 15. b4 Nd3 16. Qc2 Rd7 17. Rfd1 a6 18. Nc3 Qe7 19. Ncxe4 Nxb4 20. Nxf6+ Bxf6 21. Qb3 a5 22. a3 Na6 23. Bf3 Nc5 24. Qc2 Rad8 25. Bxb7 Nxb7 1/2-1/2

[Event "COL-chT 21st"]
[Site "Cartagena"]
[Date "2019.11.30"]
[Round "9.3"]
[White "Gomez Saenz, Manuela"]
[Black "Labrador Avendano, Angie Jhoana"]
[Result "1-0"]
[WhiteElo "1523"]
[BlackElo "1715"]
[PlyCount "147"]
[EventDate "2019.11.30"]
[EventType "team-swiss"]
[EventRounds "9"]
[EventCountry "COL"]
[SourceTitle "CBM 195 Extra"]
[Source "ChessBase"]
[SourceDate "2020.05.31"]
[SourceVersion "1"]
[SourceVersionDate "2020.05.31"]
[SourceQuality "1"]
[WhiteTeam "Caldas"]
[BlackTeam "Bogota"]
[WhiteTeamCountry "COL"]
[BlackTeamCountry "COL"]

1. d4 Nf6 2. Bf4 g6 3. Nf3 Bg7 4. Nc3 d6 5. e4 0-0 6. Qd2 Re8 7. Bh6 Bh8 8. 0-0-0 e5 9. d5 Nbd7 10. Bg5 Nc5 11. h4 Ncxe4 12. Nxe4 Nxe4 13. Qe3 Nxg5 14. hxg5 Bf5 15. Be2 Qd7 16. Rh4 f6 17. Rdh1 Re7 18. Nd2 Qe8 19. g4 Bd7 20. Ne4 Qf8 21. gxf6 Bxf6 22. Ng5 Bxg5 23. Qxg5 Qf4+ 24. Qxf4 exf4 25. Bf3 Rae8 26. g5 Re1+ 27. Rxe1 Rxe1+ 28. Kd2 Rg1 29. Rxf4 Rxg5 30. Rb4 b6 31. Rf4 Bf5 32. c3 Kg7 33. Be4 Bxe4 34. Rxe4 Rxd5+ 35. Ke3 h5 36. Re7+ Kf6 37. Rxc7 Ra5 38. a3 h4 39. b4 Rxa3 40. Rh7 g5 41. Rh6+ Kf5 42. f3 Rxc3+ 43. Kf2 d5 44. Rh8 g4 45. Rf8+ Kg5 46. Rg8+ Kf5 47. Rf8+ Ke5 48. fxg4 Rg3 49. Rf5+ Kd4 50. g5 Ke4 51. Rf7 Rxg5 52. Rxa7 h3 53. Rh7 Rg2+ 54. Kf1 Rg3 55. Kf2 Rb3 56. Rh4+ Ke5 57. Ke1 d4 58. Rh5+ Ke4 59. Rh4+ Kf3 60. Rxh3+ Ke4 61. Rxb3 b5 62. Kd2 Kd5 63. Kd3 Ke5 64. Ra3 Kd5 65. Ra5 Kc6 66. Kxd4 Kb6 67. Ra1 Kc6 68. Ra6+ Kb7 69. Rh6 Kc7 70. Kc5 Kb7 71. Kxb5 Kc7 72. Ka6 Kb8 73. b5 Kc7 74. b6+ 1-0

[Event "COL-chT rapid (Women)"]
[Site "Cartagena"]
[Date "2019.11.29"]
[Round "4.4"]
[White "Leal, Dayana Vanessa"]
[Black "Labrador Avendano, Angie Jhoana"]
[Result "1-0"]
[WhiteElo "1489"]
[BlackElo "1606"]
[PlyCount "53"]
[EventDate "2019.11.29"]
[EventType "team-swiss"]
[EventRounds "7"]
[EventCountry "COL"]
[SourceTitle "CBM 193 Extra"]
[Source "ChessBase"]
[SourceDate "2020.01.31"]
[SourceVersion "1"]
[SourceVersionDate "2020.01.31"]
[SourceQuality "1"]
[WhiteTeam "Cauca (W)"]
[BlackTeam "Bogota (W)"]
[WhiteTeamCountry "COL"]
[BlackTeamCountry "COL"]

1. d4 d5 2. c4 c6 3. cxd5 cxd5 4. Bf4 Nf6 5. Nc3 e6 6. e3 Bd6 7. Bxd6 Qxd6 8. f4 0-0 9. Nf3 Nbd7 10. Bd3 a6 11. 0-0 b5 12. a3 Bb7 13. Ne5 b4 14. axb4 Qxb4 15. Qe2 a5 16. Ra4 Qb6 17. Rfa1 Rfc8 18. f5 Nxe5 19. dxe5 Ne8 20. f6 Bc6 21. Rh4 g6 22. Qf2 Rc7 23. Qf4 h5 24. Rxh5 Qxb2 25. Rb1 Qxc3 26. Qh6 Nxf6 27. Qh8# 1-0

[Event "COL-chT (Women)"]
[Site "Cartagena"]
[Date "2019.11.26"]
[Round "5.3"]
[White "Labrador Avendano, Angie Jhoana"]
[Black "Ruiz Jaraba, Valentina Sofia"]
[Result "1-0"]
[WhiteElo "1630"]
[BlackElo "1640"]
[PlyCount "65"]
[EventDate "2019.11.24"]
[EventType "team-swiss"]
[EventRounds "7"]
[EventCountry "COL"]
[SourceTitle "CBM 193 Extra"]
[Source "ChessBase"]
[SourceDate "2020.01.31"]
[SourceVersion "1"]
[SourceVersionDate "2020.01.31"]
[SourceQuality "1"]
[WhiteTeam "Bogota (W)"]
[BlackTeam "Atlantico (W)"]
[WhiteTeamCountry "COL"]
[BlackTeamCountry "COL"]

1. d4 Nf6 2. Bf4 d5 3. Nf3 c5 4. e3 Nc6 5. Nbd2 Bf5 6. c3 e6 7. Be2 Be7 8. h3 0-0 9. 0-0 Rc8 10. Ne5 c4 11. Bg4 Re8 12. Bxf5 exf5 13. Re1 Ne4 14. Ndf3 b5 15. Nxc6 Rxc6 16. Ne5 Re6 17. Re2 f6 18. Nf3 g5 19. Bh2 Bd6 20. Qc2 Qc7 21. Bxd6 Qxd6 22. Nd2 Nxd2 23. Qxd2 a5 24. a4 Rb8 25. axb5 Rxb5 26. Qc2 Re7 27. Qxf5 Reb7 28. Rxa5 Kg7 29. Rxb5 Rxb5 30. e4 Ra5 31. e5 Ra1+ 32. Kh2 fxe5 33. Qxg5+ 1-0

[Event "Uniagraria AlphaZero op 2nd"]
[Site "Uniagraria"]
[Date "2019.11.09"]
[Round "3"]
[White "Labrador Avendano, Angie Jhoana"]
[Black "Jimenez Mendez, William"]
[Result "1-0"]
[WhiteElo "1630"]
[BlackElo "1600"]
[PlyCount "72"]
[EventDate "2019.11.08"]
[EventType "swiss"]
[EventRounds "7"]
[EventCountry "COL"]
[SourceTitle "CBM 193 Extra"]
[Source "ChessBase"]
[SourceDate "2020.01.31"]
[SourceVersion "1"]
[SourceVersionDate "2020.01.31"]
[SourceQuality "1"]

1. d4 d5 2. c4 dxc4 3. e3 Nf6 4. Nc3 e6 5. Bxc4 a6 6. Nf3 c5 7. 0-0 Nbd7 8. d5 exd5 9. Nxd5 b5 10. Nxf6+ Qxf6 11. Bd5 Ra7 12. Qc2 Nb6 13. Qe4+ Re7 14. Bc6+ Bd7 15. Bxd7+ Kd8 16. Qc6 Rxd7 17. Qxf6+ gxf6 18. b3 Be7 19. Bb2 Rg8 20. Rad1 Kc7 21. Rd2 Rxd2 22. Nxd2 Nd7 23. Ne4 h5 24. Ng3 Rh8 25. Nf5 Bd8 26. f4 Nf8 27. Rd1 Ne6 28. Nd6 Rf8 29. Ne4 Re8 30. Bxf6 Nd4 31. Be5+ Rxe5 32. fxe5 Nf5 33. Kf2 Be7 34. Nf6 h4 35. Nd5+ Kd8 36. Nxe7+ Kxe7 1-0

[Event "COL-chT Interligas (Women)"]
[Site "Palmira"]
[Date "2019.04.28"]
[Round "4.4"]
[White "Labrador Avendano, Angie Jhoana"]
[Black "Manzano Gomez, Valentina"]
[Result "1-0"]
[WhiteElo "1547"]
[BlackElo "1604"]
[PlyCount "57"]
[EventDate "2019.04.27"]
[EventType "team-swiss"]
[EventRounds "6"]
[EventCountry "COL"]
[SourceTitle "CBM 190 Extra"]
[Source "ChessBase"]
[SourceDate "2019.07.15"]
[SourceVersion "1"]
[SourceVersionDate "2019.07.15"]
[SourceQuality "1"]
[WhiteTeam "Bogota (W)"]
[BlackTeam "Valle (W)"]
[WhiteTeamCountry "COL"]
[BlackTeamCountry "COL"]

1. d4 Nf6 2. c4 g6 3. g3 Bg7 4. Bg2 0-0 5. Nc3 d6 6. Nf3 c6 7. 0-0 Qa5 8. Bg5 h6 9. Bd2 Qh5 10. h4 Bg4 11. Nh2 g5 12. hxg5 hxg5 13. Bf3 Nbd7 14. e4 Bxf3 15. Nxf3 g4 16. Nh4 c5 17. Kg2 cxd4 18. Rh1 Qe5 19. Bf4 Qc5 20. Nf5 Rfe8 21. Nd5 Ne5 22. Bxe5 dxe5 23. Nxf6+ exf6 24. Qxg4 Qf8 25. Nh6+ Kh8 26. Nxf7+ Kg8 27. Rh8+ Kxf7 28. Rxf8+ Rxf8 29. Qd7+ 1-0